The uprising : (Record no. 104539)

MARC details
000 -LEADER
fixed length control field 00720nam a22002057a 4500
005 - DATE AND TIME OF LATEST TRANSACTION
control field 20161109104548.0
010 ## - LCCN (DPL NO)
LC control number ENG-116483
020 ## - INTERNATIONAL STANDARD BOOK NUMBER
Terms of availability 995.00
International Standard Book Number 9780199460892
020 ## - INTERNATIONAL STANDARD BOOK NUMBER
Terms of availability 995.00
International Standard Book Number 0199460892
035 ## - SYSTEM CONTROL NUMBER
System control number EN-100015
037 ## - SOURCE OF ACQUISITION
Source of stock number/acquisition DBAD/PUB
082 ## - DEWEY DECIMAL CLASSIFICATION NUMBER
Classification number 280.66
100 ## - MAIN ENTRY--PERSONAL NAME
Personal name Nag,Sajal
245 ## - TITLE STATEMENT
Title The uprising :
Statement of responsibility, etc by Sajal Nag
Remainder of title colonial state, Christian missionaries, and anti-slavery movement in North-East India (1908-1954) /
260 ## - PUBLICATION, DISTRIBUTION, ETC. (IMPRINT)
Place of publication, distribution, etc New Delhi
Name of publisher, distributor, etc Oxford University Press
Date of publication, distribution, etc 2016
270 ## - ADDRESS
Address YMCA Library Building, 1 Jai Singh Road,
City New Delhi
Postal code 110001
300 ## - PHYSICAL DESCRIPTION
Extent xl,404p.
Dimensions 23cm(Hb)
500 ## - GENERAL NOTE
General note Includes bibliographical reference and index
942 ## - ADDED ENTRY ELEMENTS (KOHA)
Source of classification or shelving scheme Dewey Decimal Classification
Item type English Books
Call number suffix NAG
Classification part 280.66
Holdings
Withdrawn status Lost status Not for loan Collection code Home library Current library Date acquired Source of acquisition Cost, normal purchase price Full call number Barcode Copy number Cost, replacement price Koha item type
    Not For Loan Non-fiction D.B.Act.Division Bawana 08/11/2016 DBAD/PUB 995.00 280.66 NAG EN-100015 1 995.00 English Books

© Delhi Public Library
Hit Counter
free hit counter